Statistiques concernant Clash of Clans - Bâtiments de la Base des Ouvriers

Cliquez ici pour prendre le quiz!

Statistiques générales

  • Ce quiz a été pris 49 fois
    (32 depuis la dernière actualisation)
  • Le résultat moyen est 17 sur 30

Statistiques - réponses

HintRéponse% Correct
Défense 1Canon
92%
Protègent les BâtimentsRemparts
83%
Bâtiment PrincipalMaison des Ouvriers
79%
Piège 3Mine
75%
Stockage de RessourcesRéserve d’Or
67%
Défense 3Tour d’Archères
67%
« Stockage » de l’ArméeCamp Militaire
63%
Production de RessourcesExtracteur d’Elixir
63%
Production de RessourcesMine de Gemmes
63%
Défense 4Tesla
63%
Défense 2Double Canon
58%
Défense 13Lance-Lave
58%
Production de RessourcesMine d’Or
58%
Défense 9Multi-Mortier
58%
Piège 2Piège à ressort
58%
Accélère la Base des OuvriersTour de l’Horloge
58%
Défense 6Broyeur
54%
Piège 4Méga Mine
54%
Stockage de RessourcesRéservoir d’Elixir
54%
Défense 10Rôtissoire
54%
HérosMachine de Combat
50%
Défense 12Méga Tesla
50%
Défense 5Pétards
50%
Améliore les TroupesLaboratoire Astral
46%
Défense 11Canon Géant
38%
Piège 1Piège à Poussée
38%
Aide le Maître OuvrierCabane d’O.T.T.O
33%
Défense 8Bombes Aériennes
25%
Formation de TroupesCaserne des Ouvriers
21%
Défense 7Poste de Garde
21%

Distribution des résultats

Percentile par nombre de réponses

% des personnes avec chaque résultat

Votre développement - résultats

Vous n’avez pas pris ce quiz depuis la dernière actualisation